Szczegóły MARC21

Getting into the act : women playwrights in London 1776-1829 /

003 -Nazwa inst., której nr kontr. jest w polu 001 [,]
    • @
    • Nazwa instytucji, której n kontrolny jest w polu 001
    • NUKAT
005 -DATA I CZAS OSTATNIEJ MODYFIKACJI [,]
    • @
    • pole kontrolne
    • 20241231093743.0
020 -Międzynarod. znormalizowany nr książki - ISBN [ , ]
    • a
    • Numer ISBN
    • 0415082498 Find
    • q
    • Dopowiedzenie
    • hbk
020 -Międzynarod. znormalizowany nr książki - ISBN [ , ]
    • a
    • Numer ISBN
    • 0415082501 Find
    • q
    • Dopowiedzenie
    • pbk
040 -Instytucja sporządzająca opis [ , ]
    • a
    • Instytucja, która sporządziła opis (NP)
    • WA U/51KOW
    • c
    • Instytucja, która sporządziła rekord (NP)
    • WA U/KOW
    • d
    • Instytucja, która zmodyfikowała rekord (P)
    • WA U/DT
    • d
    • Instytucja, która zmodyfikowała rekord (P)
    • WA U/51DTs
044 -Kraj miejsca wydania [ , ]
    • a
    • Kraj miejsca wydania
    • Wielka Brytania po 1988
    • a
    • Kraj miejsca wydania
    • Stany Zjednoczone po 1988
942 -Rodzaj dokumentu [ , ]
    • c
    • Rodzaj dokumentu
    • Książka
100 -Hasło główne - nazwa osobowa [1, ]
    • a
    • Nazwa osobowa (NP)
    • Donkin, Ellen
    • d
    • Daty biograficzne (NP)
    • (1949- ).
    • 9
    • KHW
    • 587190
245 -Strefa tytułu i oznaczenia odpowiedzialności [1,0]
    • a
    • Tytuł
    • Getting into the act : Find
    • b
    • Ciąg dalszy tytułu (NP)
    • women playwrights in London 1776-1829 / Find
    • c
    • Pozostałe elementy strefy tytułu i oznaczenia odpowiedzialności (NP)
    • Ellen Donkin.
260 -Strefa adresu wydawniczego [ , ]
    • a
    • Miejsce wydania (P)
    • London ;
    • a
    • Miejsce wydania (P)
    • New York :
    • b
    • Nazwa wydawcy (P)
    • Routledge,
    • c
    • Data wydania (P)
    • 1995.
300 -Strefa opisu fizycznego [ , ]
    • a
    • Określenie formy książki i/lub objętość (NP)
    • XII, 240 s. :
    • b
    • Oznaczenie ilustracji (NP)
    • il., wykr. ;
    • c
    • Format (NP)
    • 22 cm.
336 -Typ zawartości [ , ]
    • a
    • Termin opisujący typ zawartości
    • Tekst
    • b
    • Kod określający zawartość
    • txt
    • 2
    • Źródło (terminu i kodu)
    • rdacontent
337 -Typ mediów [ , ]
    • a
    • Tryb odtwarzania
    • Bez urządzenia pośredniczącego
    • b
    • Kod typu mediów
    • n
    • 2
    • Źródło (terminu i kodu)
    • rdamedia
338 -Typ/rodzaj nośnika [ , ]
    • a
    • Hasło opisujące typ nośnika
    • Wolumin
    • b
    • Kod typu nośnika
    • nc
    • 2
    • Źródło (terminu i kodu)
    • rdacarrier
490 -Strefa serii i książki wielotomowej - forma nie do wyszukiwania [1, ]
    • a
    • Tytuł (P)
    • Gender in Performance Find
830 -Hasło dodatkowe serii i opisu książki wielotomowej - tytuł ujednolicony/tytuł [ ,0]
    • a
    • Tytuł ujednolicony/tytuł (NP)
    • Gender in Performance
    • 9
    • KHW
    • 587191
504 -Uwaga dot. bibliogr. załącznikowej [ , ]
    • a
    • Uwaga dot. bibliografii załącznikowej
    • Bibliogr. s. 223-231. Indeks.
080 -Uniwersalna Klasyfikacja Dziesiętna [ , ]
    • a
    • Symbol klasyfikacji
    • 820(091)-2"17/18"-055.2=20
080 -Uniwersalna Klasyfikacja Dziesiętna [ , ]
    • a
    • Symbol klasyfikacji
    • :792(410)(091)"17"=20
650 -Hasło przedmiotowe [ ,7]
    • a
    • Hasło przedmiotowe
    • Dramat angielski
    • y
    • Określnik chronologiczny
    • 18 w.
    • x
    • Określnik rzeczowy
    • historia i krytyka.
    • 2
    • Źródło terminu
    • kaba
    • 9
    • KHW
    • 587456
650 -Hasło przedmiotowe [ ,7]
    • a
    • Hasło przedmiotowe
    • Dramat angielski
    • y
    • Określnik chronologiczny
    • 19 w.
    • x
    • Określnik rzeczowy
    • historia i krytyka.
    • 2
    • Źródło terminu
    • kaba
    • 9
    • KHW
    • 550998
650 -Hasło przedmiotowe [ ,7]
    • a
    • Hasło przedmiotowe
    • Teatr
    • z
    • Określnik geograficzny
    • Wielka Brytania
    • z
    • Określnik geograficzny
    • Londyn
    • y
    • Określnik chronologiczny
    • 18 w.
    • 2
    • Źródło terminu
    • kaba
    • 9
    • KHW
    • 587457
650 -Hasło przedmiotowe [ ,7]
    • a
    • Hasło przedmiotowe
    • Teatr
    • z
    • Określnik geograficzny
    • Wielka Brytania
    • z
    • Określnik geograficzny
    • Londyn
    • y
    • Określnik chronologiczny
    • 19 w.
    • 2
    • Źródło terminu
    • kaba
    • 9
    • KHW
    • 587459
650 -Hasło przedmiotowe [ ,7]
    • a
    • Hasło przedmiotowe
    • Kobiety i literatura
    • z
    • Określnik geograficzny
    • Wielka Brytania
    • z
    • Określnik geograficzny
    • Londyn
    • y
    • Określnik chronologiczny
    • 18 w.
    • 2
    • Źródło terminu
    • kaba
    • 9
    • KHW
    • 587460
650 -Hasło przedmiotowe [ ,7]
    • a
    • Hasło przedmiotowe
    • Kobiety i literatura
    • z
    • Określnik geograficzny
    • Wielka Brytania
    • z
    • Określnik geograficzny
    • Londyn
    • y
    • Określnik chronologiczny
    • 19 w.
    • 2
    • Źródło terminu
    • kaba
    • 9
    • KHW
    • 587461
650 -Hasło przedmiotowe [ ,7]
    • a
    • Hasło przedmiotowe
    • Dramatopisarki angielskie
    • y
    • Określnik chronologiczny
    • 18 w.
    • v
    • Określnik formalny
    • biografie.
    • 2
    • Źródło terminu
    • kaba
    • 9
    • KHW
    • 587462
650 -Hasło przedmiotowe [ ,7]
    • a
    • Hasło przedmiotowe
    • Dramatopisarki angielskie
    • y
    • Określnik chronologiczny
    • 19 w.
    • v
    • Określnik formalny
    • biografie.
    • 2
    • Źródło terminu
    • kaba
    • 9
    • KHW
    • 587458
980 -Symbol UKD [ , ]
    • a
    • UKD
    • 820(091)-2"17/18"-055.2:792(410)(091)"17"]=20
710 -Hasło dodatkowe - nazwa ciała zbiorowego [2, ]
    • a
    • Nazwa ciała zbiorowego lub nazwa geograficzna jako pierwszy element (NP)
    • Routledge.
    • 4
    • Kod relacji
    • pbl
    • 9
    • KHW
    • 54948
920 -ISBN [ , ]
    • a
    • ISBN
    • 0-415-08249-8 Find
    • q
    • Dopowiedzenie
    • hbk
920 -ISBN [ , ]
    • a
    • ISBN
    • 0-415-08250-1 Find
    • q
    • Dopowiedzenie
    • pbk
Numer inwentarzowy Status udost. Data inwentaryzacji Lokalizacja Sygnatura
A.705012003-11-13BMANG. Dramat brytyjski 05